Tribhuvan University Central Library

Medical botany (Record no. 95924)

MARC details
000 -LEADER
fixed length control field 00491nam a22001937a 4500
008 - FIXED-LENGTH DATA ELEMENTS--GENERAL INFORMATION
fixed length control field 200313b xxu||||| |||| 00| 0 eng d
020 ## - INTERNATIONAL STANDARD BOOK NUMBER
International Standard Book Number 9789994672188
082 ## - DEWEY DECIMAL CLASSIFICATION NUMBER
Classification number 580/P273m
100 ## - MAIN ENTRY--PERSONAL NAME
Personal name Pathak, H.N.
245 ## - TITLE STATEMENT
Title Medical botany
260 ## - PUBLICATION, DISTRIBUTION, ETC.
Place of publication, distribution, etc. Pokhara:
Name of publisher, distributor, etc. Ozone Books,
Date of publication, distribution, etc. 2063BS.
300 ## - PHYSICAL DESCRIPTION
Extent 194p.;ill.
504 ## - BIBLIOGRAPHY, ETC. NOTE
Bibliography, etc. note Bibliography:p.194
650 ## - SUBJECT ADDED ENTRY--TOPICAL TERM
Topical term or geographic name entry element Botany
650 ## - SUBJECT ADDED ENTRY--TOPICAL TERM
Topical term or geographic name entry element Medicinal plants
650 ## - SUBJECT ADDED ENTRY--TOPICAL TERM
Topical term or geographic name entry element Biotechnology
650 ## - SUBJECT ADDED ENTRY--TOPICAL TERM
Topical term or geographic name entry element Environmental biology
9 (RLIN) 14316
942 ## - ADDED ENTRY ELEMENTS (KOHA)
Source of classification or shelving scheme Dewey Decimal Classification
Koha item type ISBN
Holdings
Withdrawn status Lost status Source of classification or shelving scheme Damaged status Not for loan Home library Current library Date acquired Total Checkouts Full call number Barcode Date last seen Price effective from Koha item type
    Dewey Decimal Classification     Tribhuvan University Central Library Tribhuvan University Central Library 04/24/2024   580/P273m IS5323 04/24/2024 04/24/2024 ISBN